Haben diese deutschen Bundesländer eine gemeinsame Grenze? - Statistiken

Allgemein
  • Dieses Quiz wurde 261 mal gespielt
  • Das Durchschnittsergebnis liegt bei 13 aus 16
Antwortstatistiken
Frage Antwort % Korrekt
Bremen und Hamburg Nein
98%
Berlin und Sachsen-Anhalt Nein
98%
Nordrhein-Westfalen und Rheinland-Pfalz Ja
97%
Sachsen und Brandenburg Ja
97%
Hessen und Nordrhein-Westfalen Ja
96%
Hessen und Saarland Nein
95%
Hamburg und Niedersachsen Ja
94%
Baden-Württemberg und Hessen Ja
94%
Bayern und Rheinland-Pfalz Nein
93%
Schleswig-Holstein und Brandenburg Nein
88%
Sachsen und Niedersachsen Nein
88%
Bayern und Sachsen Ja
79%
Niedersachsen und Thüringen Ja
63%
Sachsen-Anhalt und Hessen Nein
57%
Brandenburg und Niedersachsen Ja
56%
Sachsen-Anhalt und Mecklenburg-Vorpommern Nein
48%
Keine übereinstimmenden Quizze gefunden
Verteilung der Resultate
Anzahl Personen mit jedem Resultat
Perzentil nach korrekt beantworteten Fragen
Ihre Resultats-Entwicklung
Sie haben dieses Quiz noch nicht gespielt